00552nam a2200157 a 450000100100000000500170001000800410002704000240006810000210009224500890011326000370020230000340023949000390027350400430031283000390035500003542220200930074330.0111031s1964 fr 000 0 spa d aDO-SdBNPbfrcBNPHU1 aKoestler, Arthur10aSuicide d' une nation? :bla Grande-Bretagne face á son destin /cArthur Koestler. aParis :bCamann-Lévy,.,c1964. a326 p. :bgráf. , ;c21 cm.1 aCollection Liberté de L´ Esprit aIncluye notas al pie de las páginas. 0aCollection Liberté de L´ Esprit